Új irodalomtudományi szaklappal bővült a hazai folyóirat-irodalom a Partitúra külön szerencséje, hogy már egy sokszínű és töbszintű ...

Bibliographic Details
Main Author: Csanda, Gábor, 1963- (Author)
Format: Article
Language:Hungarian
PhysicalDescription:Obr.
Subjects:

MARC

LEADER 00000nab a2200000 ar4500
001 vtls008701124
003 SK-MaSNL
005 20260319070454.0
008 060428c20060323xo |||||||| 000 b|hun
015 |a SNBRB2006/04  |2 snkbucl 
038 |a SNKBUCL 
040 |a DSZK  |b slo  |c DSZK  |e AACR2 
041 0 |a hun 
044 |a xo  |c SK 
080 |a 82:070  |x (=511.141)  |x (437.6)  |2 1997 
080 |a 070.488  |x (=511.141)  |x (437.6)  |2 1997 
100 1 |a Csanda, Gábor,  |d 1963-  |4 aut  |9 98659 
245 1 0 |a Új irodalomtudományi szaklappal bővült a hazai folyóirat-irodalom  |b a Partitúra külön szerencséje, hogy már egy sokszínű és töbszintű ...  |c Csanda Gábor 
300 |b Obr. 
630 0 7 |a Partitúra (časopis)  |y 2006  |x č. 1  |2 snkbucl  |9 1075345 
655 7 |a bibliografické prehľady  |2 snkbucl  |9 534643 
773 0 |t Új szó  |g Évf. 59, sz. 69 (23.3.2006), o. 8 
852 |a SNK  |b KIS3GCP 
852 |a DSZK  |b KIS3GCP 
958 |a HU 
958 |a SK 
958 |a LX 
999 |c 1768159  |d 1770089